| 000 | 00577cam a2200229ua 4500 | ||
|---|---|---|---|
| 020 | _c1.00 | ||
| 041 |
_aeng _h |
||
| 082 |
_a512 _bSEE/SU |
||
| 100 | _aSeetharaman, V . | ||
| 245 |
_aSupplement to a textbook of algebra / _cV.Seetharaman. _hTextual Documents |
||
| 260 |
_aChennai : _bThe National Publishing Co , _c1959. |
||
| 300 | _a111 ; . | ||
| 365 | _a1.00 | ||
| 504 | _a | ||
| 700 | 1 | _aKrishnankutty menon, V . | |
| 942 | _cBK | ||
| 999 |
_c3122 _d3122 |
||